Deep shikha / (Record no. 333957)
[ view plain ]
| 000 -LEADER | |
|---|---|
| fixed length control field | 00448cam a2200193ua 4500 |
| 020 ## - INTERNATIONAL STANDARD BOOK NUMBER | |
| Terms of availability | 4.00 |
| 041 ## - LANGUAGE CODE | |
| Language code of text/sound track or separate title | hin |
| Language code of original | |
| 082 ## - DEWEY DECIMAL CLASSIFICATION NUMBER | |
| Classification number | 891.54 |
| Item number | MAH/DE |
| 100 ## - MAIN ENTRY--PERSONAL NAME | |
| Personal name | Mahadevi varma, . |
| 245 ## - TITLE STATEMENT | |
| Title | Deep shikha / |
| Statement of responsibility, etc. | Mahadevi varma. |
| Medium | Textual Documents |
| 250 ## - EDITION STATEMENT | |
| Edition statement | 6 / |
| Remainder of edition statement | . |
| 260 ## - PUBLICATION, DISTRIBUTION, ETC. (IMPRINT) | |
| Place of publication, distribution, etc. | : |
| Name of publisher, distributor, etc. | Bharati Bhandar , |
| Date of publication, distribution, etc. | 1961. |
| 300 ## - PHYSICAL DESCRIPTION | |
| Extent | 153 ; . |
| 365 ## - TRADE PRICE | |
| Price type code | 4.00 |
| 504 ## - BIBLIOGRAPHY, ETC. NOTE | |
| Bibliography, etc | |
| 942 ## - ADDED ENTRY ELEMENTS (KOHA) | |
| Koha item type | Books (General) |
No items available.
